| 000 | 00467nam a2200169Ia 4500 | ||
|---|---|---|---|
| 008 | 210423s2012 xx 000 0 und d | ||
| 020 | _a9788126510993 | ||
| 041 | _aeng | ||
| 082 | _a620.5 POOI | ||
| 100 | _aPOOLE (Charles P);OWENS (Frank J) | ||
| 245 | _aIntroduction to nanotechnology | ||
| 260 |
_aNew Delhi _bWiley India Pvt Ltd _c2012 |
||
| 300 |
_axii,388 _bPB |
||
| 365 |
_b489 _cINR |
||
| 650 | _aNanotechnology | ||
| 906 | _aIntroduction ; nanotechnology | ||
| 999 |
_c162355 _d162355 |
||